00709nam a2200205 a 450000500170000000800410001701000130005802000250007103500130009603700150010904000180012408200060014224500570014826000370020527000720024230000330031452001040034765000330045170000190048420090909141921.0990210s1999 nyua j 000 1 eng  aB-357156 c50.00a9788189973162 aB-357156 bDBAD / PUB adplbEnglish  aS aThe Blacksmith's dilemma /ccompiled by Usha Bansal  aNew Delhi bMind Melodies c2008 aA-18, Mohan Garden, Near Nawada Metro Station, bNew Delhi e110059 a24p.:c25cm(pbk) bcol. ill  aA little girl falls down a rabbit hole and discovers a world of nonsensical and amusing characters. aChildren's stories, English  aBansal, Usha